HARRISON,S INTERNAL MEDICINES-2 (Record no. 196)

MARC details
000 -LEADER
fixed length control field 00364nam a2200145Ia 4500
008 - FIXED-LENGTH DATA ELEMENTS--GENERAL INFORMATION
fixed length control field 150201s2008 xx 000 0 und d
082 ## - DEWEY DECIMAL CLASSIFICATION NUMBER
Classification number 610
Item number H08F
100 ## - MAIN ENTRY--PERSONAL NAME
Personal name FAUCI, ANTHONY S.
245 ## - TITLE STATEMENT
Title HARRISON,S INTERNAL MEDICINES-2
250 ## - EDITION STATEMENT
Edition statement 17TH
260 ## - PUBLICATION, DISTRIBUTION, ETC. (IMPRINT)
Name of publisher, distributor, etc. MC-GRAW HILL
Place of publication, distribution, etc. NEW YORK
Date of publication, distribution, etc. 2008
300 ## - PHYSICAL DESCRIPTION
Extent 1-2754
650 ## - SUBJECT ADDED ENTRY--TOPICAL TERM
Topical term or geographic name as entry element MEDICINE AND DIAGNOSIS
942 ## - ADDED ENTRY ELEMENTS (KOHA)
Source of classification or shelving scheme Dewey Decimal Classification
Koha item type Books
Holdings
Withdrawn status Lost status Source of classification or shelving scheme Damaged status Not for loan Collection code Home library Current library Shelving location Date acquired Source of acquisition Cost, normal purchase price Serial Enumeration / chronology SGTU Bill Number Total Checkouts Full call number Barcode Date last seen Bill Date Koha item type Date last checked out Checked out
    Dewey Decimal Classification   Not For Loan MEDICAL SGT Medical Library SGT Medical Library Reference Book 06/02/2010 JAYPEE 120.00 II SGTU 7215   610 H08F FM896 09/02/2015 10/03/2011 Books    
    Dewey Decimal Classification   Not For Loan MEDICAL SGT Medical Library SGT Medical Library Reference Book 06/02/2010 JAYPEE 120.00 II SGTU 7215   610 H08F FM897 09/02/2015 10/03/2011 Books    
    Dewey Decimal Classification     MEDICAL SGT Medical Library SGT Medical Library Reference Book 06/02/2010 JAYPEE 120.00 II SGTU 7215 1 610 H08F FM898 13/10/2025 10/03/2011 Books 09/09/2025  
    Dewey Decimal Classification     MEDICAL SGT Medical Library SGT Medical Library Reference Book 06/02/2010 JAYPEE 120.00 II SGTU 7215 3 610 H08F FM899 27/04/2026 10/03/2011 Books 27/04/2026 11/05/2026
    Dewey Decimal Classification   Not For Loan MEDICAL SGT Medical Library SGT Medical Library Reference Book 06/02/2010 JAYPEE 120.00 II SGTU 7215   610 H08F FM900 09/02/2015 10/03/2011 Books